Archivo de Gonzalo de Quesada : (Record no. 202615)
[ view plain ]
| 000 -LEADER | |
|---|---|
| fixed length control field | 01190cam1a220022900 4500 |
| 001 - CONTROL NUMBER | |
| control field | qcf00163761 |
| 005 - DATE AND TIME OF LATEST TRANSACTION | |
| control field | 20190830130219.0 |
| 008 - FIXED-LENGTH DATA ELEMENTS--GENERAL INFORMATION | |
| fixed length control field | 740725s1965 cu 000 0 spa u |
| 035 ## - SYSTEM CONTROL NUMBER | |
| System control number | (Sirsi) r31051 |
| 035 ## - SYSTEM CONTROL NUMBER | |
| System control number | (QCAT)lss00620123 |
| 035 ## - SYSTEM CONTROL NUMBER | |
| System control number | (UPRA)qcf00163761 |
| 040 ## - CATALOGING SOURCE | |
| Modifying agency | UPRA |
| 100 1# - MAIN ENTRY--PERSONAL NAME | |
| Personal name | Quesada, Gonzalo de, 1868-1915. |
| Dates associated with a name | Quesada, Gonzalo de, 1868-1915. |
| Linkage | A95364.1 |
| 245 10 - TITLE STATEMENT | |
| Title | Archivo de Gonzalo de Quesada : |
| Remainder of title | Documentos historicos / |
| Statement of responsibility, etc. | introd. y notas por Gonzalo de Quesada y Miranda. |
| 260 ## - PUBLICATION, DISTRIBUTION, ETC. | |
| Place of publication, distribution, etc. | La Habana : |
| Name of publisher, distributor, etc. | Editorial de la Universidad de La Habana, |
| Date of publication, distribution, etc. | 1965. |
| 490 0# - SERIES STATEMENT | |
| Series statement | Biblioteca de autores cubanos ; |
| Volume/sequential designation | 33 |
| Linkage | S14413.1 |
| 651 #0 - SUBJECT ADDED ENTRY--GEOGRAPHIC NAME | |
| Geographic name | Cuba -- History -- 1810-1899 -- Sources. |
| General subdivision | Cuba -- History -- 1810-1899 -- Sources. |
| Chronological subdivision | Cuba -- History -- 1810-1899 -- Sources. |
| General subdivision | Cuba -- History -- 1810-1899 -- Sources. |
| Linkage | S68759.1 |
| 651 #0 - SUBJECT ADDED ENTRY--GEOGRAPHIC NAME | |
| Geographic name | Cuba -- History -- 1899- -- Sources. |
| General subdivision | Cuba -- History -- 1899- -- Sources. |
| Chronological subdivision | Cuba -- History -- 1899- -- Sources. |
| General subdivision | Cuba -- History -- 1899- -- Sources. |
| Linkage | S68760.1 |
| 700 2# - ADDED ENTRY--PERSONAL NAME | |
| Personal name | Quesada y Miranda, Gonzalo de, b. 1900. |
| Dates associated with a name | Quesada y Miranda, Gonzalo de, b. 1900. |
| Linkage | A95365.1 |
| 949 ## - LOCAL PROCESSING INFORMATION (OCLC) | |
| a | F1787 |
| w | lcc |
| i | -35007 |
| m | MAIN |
| t | BOOK |
| l | ON-SHELF |
No items available.